Statistics for Countries by First and Number of Letters - EXTREME

Click here to take the quiz!

General Stats

  • This quiz has been taken 22 times
  • The average score is 98 of 117

Answer Stats

LetterNumberCountry/Countries% Correct
A7Albania/Algeria/Andorra/Armenia/Austria
100%
I5India/Italy
100%
I4Iran/Iraq
100%
J5Japan
100%
L4Laos
100%
P8Pakistan/Paraguay/Portugal
100%
Q5Qatar
100%
R6Russia/Rwanda
100%
A10Azerbaijan
95%
B7Bahamas/Bahrain/Belarus/Belgium/Bolivia/Burundi
95%
B6Belize/Bhutan/Brazil/Brunei
95%
C4Chad/Cuba
95%
D7Denmark
95%
D8Djibouti/Dominica
95%
E7Ecuador/Eritrea/Estonia
95%
F6France
95%
G5Gabon/Ghana
95%
G6Gambia/Greece/Guinea/Guyana
95%
I7Iceland/Ireland
95%
I9Indonesia
95%
K10Kazakhstan/Kyrgyzstan
95%
L6Latvia
95%
L10Luxembourg
95%
N5Nauru/Nepal/Niger
95%
P6Panama/Poland
95%
A9Argentina/Australia
90%
B8Barbados/Botswana/Bulgaria
90%
B5Benin
90%
C7Comoros/Croatia/Czechia
90%
D28Democratic Republic of the Congo
90%
E5Egypt
90%
E16Equatorial Guinea
90%
E8Eswatini/Ethiopia
90%
F7Finland
90%
H5Haiti
90%
H8Honduras
90%
I6Israel
90%
K6Kuwait/Kosovo
90%
L9Lithuania
90%
M10Madagascar/Mauritania/Micronesia/Montenegro/Mozambique
90%
M8Malaysia/Maldives/Mongolia
90%
M4Mali
90%
O4Oman
90%
P4Peru
90%
S6Serbia/Sweden
90%
Z6Zambia
90%
Z8Zimbabwe
90%
A11Afghanistan
86%
A6Angola
86%
C8Cambodia/Cameroon/Colombia
86%
C5Chile/China
86%
D17Dominican Republic
86%
F4Fiji
86%
G7Georgia/Germany/Grenada
86%
H7Hungary
86%
J7Jamaica
86%
J6Jordan
86%
K5Kenya
86%
L7Lebanon/Lesotho/Liberia
86%
L13Liechtenstein
86%
M6Malawi/Mexico/Monaco
86%
N10New Zealand/North Korea
86%
P5Palau
86%
P14Papua New Guinea
86%
R7Romania
86%
S5Samoa/Spain/Sudan/Syria
86%
T6Taiwan/Turkey/Tuvalu
86%
T4Togo
86%
T5Tonga
86%
V7Vanuatu/Vietnam
86%
Y5Yemen
86%
G9Guatemala
81%
K8Kiribati
81%
L5Libya
81%
M7Moldova/Morocco/Myanmar
81%
N7Namibia/Nigeria
81%
R18Republic of the Congo
81%
S10Saint Lucia/Seychelles/South Korea/South Sudan
81%
U7Ukraine/Uruguay
81%
V11Vatican City
81%
A17Antigua and Barbuda
76%
B20Bosnia and Herzegovina
76%
B11Burkina Faso
76%
C6Canada/Cyprus
76%
M5Malta
76%
N6Norway
76%
P11Philippines
76%
T8Tanzania/Thailand
76%
U6Uganda
76%
U13United Kingdom
76%
U21United States of America
76%
U10Uzbekistan
76%
V9Venezuela
76%
B10Bangladesh
71%
C9Cape Verde/Costa Rica
71%
E10El Salvador
71%
G12Guinea-Bissau
71%
M9Mauritius
71%
N11Netherlands
71%
N14North Macedonia
71%
S11Saudi Arabia/Sierra Leone/South Africa/Switzerland
71%
S7Senegal/Somalia
71%
S8Slovakia/Slovenia/Sri Lanka/Suriname
71%
T17Trinidad and Tobago
71%
T12Turkmenistan
71%
U18United Arab Emirates
71%
C22Central African Republic
67%
S18Saint Kitts and Nevis/Sao Tome and Principe
67%
S28Saint Vincent and the Grenadines
67%
T10Tajikistan
67%
E9East Timor
62%
M15Marshall Islands
62%
N9Nicaragua
62%
I10Ivory Coast
52%
S9San Marino/Singapore
52%
T7Tunisia
52%
S14Solomon Islands
48%

Score Distribution

Percentile by Number Answered

Percent of People with Each Score

Your Score History

You have not taken this quiz